000 00949nam a2200229Ia 4500
003 OSt
005 20220923212701.0
006 a|||||r|||| 00| 0
007 ta
008 220922b |||||||| |||| 00| 0 hin d
024 _a155,223
037 _cTextual
040 _aARTS
_cARTS
_bhin
041 _2hin
_ahin
082 _aO15,1A2:g(Q), 152L0
100 _aतिवारी, शकुन्तला रानी
245 0 _aमहाभारत में धर्म
_b महाभारत के आधार पर घर्म के लक्षण एवं आचार का प्रामाणिक विवेचन
246 _ahinābhārat mean dharma: hinābhārat ke ādhār par gharma ke lakṣhaṇ evan āchār kā prāmāṇik vivechana
260 _c1970
942 _hO15,1A2:g(Q), 152L0
_cTEXL
_2CC
999 _c310780
_d310780